Elements of mechanics of materials (Record no. 6596)

000 -LEADER
fixed length control field 00580nam a22002051 4500
001 - CONTROL NUMBER
control field 6129579
003 - CONTROL NUMBER IDENTIFIER
control field BD-DhUET
008 - FIXED-LENGTH DATA ELEMENTS--GENERAL INFORMATION
fixed length control field 730221s1966 njua b 000 0 eng
040 ## - CATALOGING SOURCE
Original cataloging agency DLC
Transcribing agency ODaWU
Modifying agency OCoLC
-- Uk
-- BD-DhUET
050 00 - LIBRARY OF CONGRESS CALL NUMBER
Classification number TA405
Item number .O37 1966
082 ## - DEWEY DECIMAL CLASSIFICATION NUMBER
Classification number 620.11
Item number OLS/1966
100 1# - MAIN ENTRY--PERSONAL NAME
Personal name Olsen, Gerner A.
245 10 - TITLE STATEMENT
Title Elements of mechanics of materials
Statement of responsibility, etc. by Gerner A. Olsen
250 ## - EDITION STATEMENT
Edition statement 2d ed.
260 ## - PUBLICATION, DISTRIBUTION, ETC. (IMPRINT)
Place of publication, distribution, etc. New Jersey
Name of publisher, distributor, etc. Prentice-Hall
Date of publication, distribution, etc. 1966
300 ## - PHYSICAL DESCRIPTION
Extent xxii, 591 p.
Other physical details illus.
Dimensions 24 cm.
504 ## - BIBLIOGRAPHY, ETC. NOTE
Bibliography, etc includes bibliographics
650 #0 - SUBJECT ADDED ENTRY--TOPICAL TERM
Topical term or geographic name as entry element Strength of materials
942 ## - ADDED ENTRY ELEMENTS (KOHA)
Koha item type General Book
Holdings
Source of classification or shelving scheme Koha date last borrowed Koha issues (times borrowed) Withdrawn status Koha date last seen Price effective from Date acquired Koha normalized classification for sorting Piece designation (barcode) Shelving location Location (home branch) Copy number Not for loan Damaged status Sublocation or collection (holding branch) Koha item type Koha full call number Lost status
    2014-12-042014-12-042014-12-04620_110000000000000_OLS_196629221Circulation sectionCentral Library, BUET28  Central Library, BUETContented Book 620.11 /OLS/1966 
 2018-11-201 2018-12-042014-12-042014-12-04620_110000000000000_OLS_196629216Circulation sectionCentral Library, BUET23  Central Library, BUETContented Book 620.11 /OLS/1966 
 2022-08-291 2022-10-012014-12-042014-12-04620_110000000000000_OLS_196629206Circulation sectionCentral Library, BUET13  Central Library, BUETContented Book 620.11/OLS/1966 
    2014-12-042014-12-042014-12-04620_110000000000000_OLS_196619846Circulation sectionCentral Library, BUET4  Central Library, BUETContented Book 620.11/OLS/1966 
 2022-06-201 2022-07-232014-12-042014-12-04620_110000000000000_OLS_196652406Circulation sectionCentral Library, BUET1  Central Library, BUETContented Book 620.11/OLS/1966 
    2015-06-162015-06-162015-06-16620_110000000000000_OLS_196613917Reading sectionCentral Library, BUET6  Central Library, BUETReading Item620.11/OLS/1966 
    2015-06-292015-06-292015-06-29620_110000000000000_OLS_196629227Reading sectionCentral Library, BUET8  Central Library, BUETReading Item620.11/OLS/1966